| 000 | 00716nam a2200241 a 4500 | ||
|---|---|---|---|
| 001 | 000008699 | ||
| 003 | DO-SdBNP | ||
| 005 | 20240725133242.0 | ||
| 007 | 000008699 | ||
| 008 | 090918s 20uu dr a 000 0 spa d | ||
| 040 |
_aBPMSU _bspa _cBPMSU |
||
| 082 | 4 |
_a398.2098 _bF134a _222 |
|
| 245 | 0 | 0 |
_aFábulas de América / _c ilustraciones Werner Olmos |
| 260 |
_aSanto Domingo : _bSusaeta, _c |
||
| 300 |
_a252 p. : _bil.; _c22 cm. |
||
| 490 | 0 | _aBiblioteca Susaeta | |
| 590 | _aInventariado, 2024/VM | ||
| 650 | 4 |
_aFábulas latinoamericanas _vColecciones |
|
| 650 | 4 | _a Escritores latinoamericanos | |
| 700 | 1 |
_aOlmos, Werner _eilustraciones |
|
| 910 | _aVMateo V. Control de calidad BPMSU | ||
| 942 |
_2ddc _cBK |
||
| 999 |
_c7338 _d7338 |
||